Underwhelmed Tourists III Quiz Stats

 Plays Quiz Updated Jan 2, 2018

Challenge
Share
Tweet
Embed
Score 0/24 Timer 10:00
5 Plays Today
% Correct
Warner Bros. Studio Tour London - The Making of Harry Potter
94.2%
Van Gogh Museum
92.9%
U.S. Capitol
92.8%
Christ the Redeemer
92.2%
The Forbidden City
91.8%
Spanish Steps
91.6%
Gettysburg National Military Park
91.5%
The Hollywood Sign
90.7%
Neuschwanstein Castle
90.3%
Bondi Beach
89.4%
Robben Island
89.2%
Ford's Theatre
88.7%
% Correct
Dollywood
88.5%
The Acropolis
87.1%
Trafalgar Square
78.8%
Château de Versailles
76.6%
Basilica of the Sagrada Familia
73.6%
Dublin General Post Office
73.1%
Petra
71.9%
Ponte Vecchio
69.7%
Manneken Pis
66.6%
The Shard
63.1%
St. Basil's Cathedral
59.6%
Great Sphinx of Giza
55.4%

You're not logged in!

Compare scores with friends on all Sporcle quizzes.
OR
Log In

You Might Also Like...

Show Comments

Extras

Top Quizzes Today


Score Distribution

Your Account Isn't Verified!

In order to create a playlist on Sporcle, you need to verify the email address you used during registration. Go to your Sporcle Settings to finish the process.

Report this User

Report this user for behavior that violates our Community Guidelines.

Details: